| 000 | 01821nam0a22003491 4500 | ||
|---|---|---|---|
| 001 | RU\NLR\19V\931694 | ||
| 005 | 20260407122003.0 | ||
| 035 | _a(NLR Aleph) 010350036 | ||
| 090 |
_a10742073 _c10742073 |
||
| 100 | _a20100810d1909 |||y0rusy50 ca | ||
| 101 | 0 | _arus | |
| 102 | _aRU | ||
| 105 | _aa z ||||| | ||
| 200 | 1 | _aОбъяснительная записка к Уставу внутренней службы 1909 года | |
| 210 |
_aС.-Петербург _cВоенная типография _d1909 |
||
| 215 |
_a72 с. _d14 |
||
| 300 | _aВ конце текста подпись: Председатель Комитета по образованию войск генерал от инфартерии Скугаревский | ||
| 316 |
_aЭкз. РНБ на шифре 38.35.8.61(2) с экслибрисом Библиотеки Николая II: монограмма "Н.А." _aВ конце кн. рукоп. помета: Кн. пост. N°409 28/VIII 1909 г. из Комит. по образ. войск _5NLR: 38.35.8.61(2) |
||
| 320 | _aБиблиогр. в подстроч. примеч. и в тексте | ||
| 702 | 0 |
_4390 _8rus _7ca _aНиколай _cимператор российский _dII _f1868-1918 _3RU\NLR\AUTH\773750 _9113742 |
|
| 702 | 1 |
_4720 _8rus _7ca _aСкугаревский _bА. П. _f1847- _gАркадий Платонович _3RU\NLR\AUTH\7790500 _973427 |
|
| 740 | 1 |
_aРоссия _tВоенные уставы и наставления _3RU\NLR\AUTH\889957977 _9412039 |
|
| 801 | 0 |
_aRU _bNLR _c20100810 _gpsbo |
|
| 801 | 1 |
_aRU _bNLR _c20100810 _2rusmarc |
|
| 801 | 2 |
_aRU _bNLR _c20100810 _2rusmarc |
|
| 852 |
_aNLR _j38.35.8.61(2) |
||
| 899 |
_aRuMoRGB _jΔ 508/89 |
||
| 899 |
_aRuMoRGB _jΔ 509/132 |
||
| 899 | _aБАН (зап.) | ||
| 942 | _cBOOK | ||
| 980 | _aNB | ||